|
|
|
|
| LEADER |
01841nam a2200505 a 4500 |
| 001 |
nkc20102033289 |
| 003 |
CZ PrNK |
| 005 |
20110720131722.0 |
| 007 |
ta |
| 008 |
100210s2010 xr e f 001 0 cze |
| 015 |
|
|
|a cnb002033289
|
| 020 |
|
|
|a 978-80-7400-304-2
|q (brož.)
|
| 035 |
|
|
|a (OCoLC)614282225
|
| 040 |
|
|
|a ABA001
|b cze
|
| 043 |
|
|
|a e-xr---
|
| 072 |
|
7 |
|a 347
|x Soukromé právo
|2 Konspekt
|9 16
|
| 080 |
|
|
|a 347.235
|2 MRF
|
| 080 |
|
|
|a 347.232
|2 MRF
|
| 080 |
|
|
|a 347.23
|2 MRF
|
| 080 |
|
|
|a (437.3)
|2 MRF
|
| 080 |
|
|
|a (035)
|2 MRF
|
| 100 |
1 |
|
|a Baudyš, Petr,
|d 1951-
|7 mzk2003173781
|4 aut
|
| 245 |
1 |
0 |
|a Katastr nemovitostí /
|c Petr Baudyš
|
| 246 |
1 |
4 |
|a Katastr a nemovitosti
|
| 250 |
|
|
|a 2. vyd.
|
| 260 |
|
|
|a V Praze :
|b C.H. Beck,
|c 2010
|
| 300 |
|
|
|a xiv, 291 s. ;
|c 23 cm
|
| 490 |
1 |
|
|a Beckovy příručky pro právní praxi
|
| 504 |
|
|
|a Obsahuje bibliografické odkazy a rejstřík
|
| 650 |
0 |
7 |
|a katastr nemovitostí
|7 ph121515
|z Česko
|2 czenas
|
| 650 |
0 |
7 |
|a vlastnické vztahy
|7 ph127131
|z Česko
|2 czenas
|
| 650 |
0 |
7 |
|a vlastnické právo
|7 ph172912
|z Česko
|2 czenas
|
| 650 |
0 |
9 |
|a cadastres
|z Czechia
|2 eczenas
|
| 650 |
0 |
9 |
|a property relations
|z Czechia
|2 eczenas
|
| 650 |
0 |
9 |
|a property law
|z Czechia
|2 eczenas
|
| 655 |
|
7 |
|a příručky
|7 fd133209
|2 czenas
|
| 655 |
|
9 |
|a handbooks and manuals
|2 eczenas
|
| 830 |
|
0 |
|a Beckovy příručky pro právní praxi
|0 s
|
| 856 |
4 |
1 |
|u http://www.digitalniknihovna.cz/mzk/uuid/uuid:4c4d91f0-3ef1-11e4-bc3a-005056827e51
|y Digitalizovaný dokument
|x NDK
|
| 910 |
2 |
|
|a BOA001
|b 2-1240.312
|
| 990 |
|
|
|a BK
|
| 995 |
|
|
|a 01
|
| 991 |
|
|
|b 201004
|c NOV
|j 347 BAU
|
| 996 |
6 |
|
|b 2610431345
|c 2-1240.312
|l MZK
|r Sklad / do 1 hodiny
|n 15
|p p.v.
|w 001116872
|u 000010
|a 1
|e BOA001
|j MZK50
|s P
|
| 996 |
7 |
|
|b 2610484150
|c 2-1240.312
|l MZK
|r Sklad / do 1 hodiny
|n 31
|p kup
|w 001116872
|u 000020
|a 1
|e BOA001
|j MZK50
|s A
|